000 00315nam a22001337a 4500
008 180201b xxu||||| |||| 00| 0 eng d
020 _a9781422407103
041 _aeng
080 _a34
100 _a14
101 _aJUR
245 _aCivil procedure cases, materials, and questions
_cFreer,R.D
942 _2udc
_cBK
999 _c41447
_d41447